KONTRAHOVANIE VEREJNÝCH SLUŽIEB - VYBRANÉ PROBLÉMY

Bibliographic Details
Main Author: Mikušová Meričková, Beáta, 1976- (Author)
Format: Article
Language:Slovak

MARC

LEADER 00000nab a2200000ua 4500
001 vtls010838610
003 SK-MaSNL
005 20260304024120.0
008 230121s2007 xo |||||||||||||||||slo|
035 |a (urnnbn)urn:nbn:sk:snk:ar-a06vql 
035 |a urn:nbn:sk:snk-ab61tn 
035 |a (uuid)3dbeee94-1121-4db3-834d-07236f88f6af 
040 |a SNKBUCL  |b slo  |c SNKBUCL  |e AACR2 
041 0 |a slo 
044 |a xo  |c SK 
100 1 |a Mikušová Meričková, Beáta,  |d 1976-  |4 aut  |9 151377 
245 1 0 |a KONTRAHOVANIE VEREJNÝCH SLUŽIEB - VYBRANÉ PROBLÉMY  |c Beáta Meričková 
773 0 |t Acta Aerarii Publici : vedecký časopis Ekonomickej fakulty Univerzity Mateja Bela v Banskej Bystrici  |g Roč. 4, č. 1 (2007), s. 41-53 
954 |a odborná, vedecká literatúra pôvodná (slovenská)  |2 lita 
958 |a OND 
958 |a EUIPO 
958 |a article5 
999 |c 2620002  |d 2621932